| 000 | 00641nam a22002297a 4500 | ||
|---|---|---|---|
| 001 | 0011930 | ||
| 003 | DO-SdBNP | ||
| 005 | 20180216090724.0 | ||
| 007 | 0011930 | ||
| 008 | 161207b 1985 sp||||| |||| 00| 0 spa d | ||
| 020 | _a8432983381 | ||
| 040 |
_aBPMSU _bspa _cBPMSU |
||
| 100 | 1 | _aLandis-Sager, Julie | |
| 245 | 1 |
_aCómo hacer figuras con pasta de sal / _cJulia Landis-Sager |
|
| 260 |
_aBarcelona, España : _bEdiciones CEAC, _c1985. |
||
| 300 |
_a47 p. : _bil., _c18 cm. |
||
| 490 | 1 | _aCómo hacerlo | |
| 830 | 0 | _aCómo hacerlo | |
| 942 |
_2ddc _cBK |
||
| 945 | _aInventariado, 2018/MFF | ||
| 956 |
_aBTAVÁREZ _b10 _c20161207 _d0011930 |
||
| 999 |
_c12353 _d12353 |
||